| 000 | 01021nam a22003137a 4500 | ||
|---|---|---|---|
| 003 | CHAP | ||
| 005 | 20220329132934.0 | ||
| 008 | 971013s1989 r 00010 d | ||
| 010 | _a439 | ||
| 011 | _a1411 | ||
| 035 | _a587 | ||
| 040 | _cCHAP | ||
| 090 | _aFolleto 12437 | ||
| 100 | 0 | 0 |
_aCardoso, Luis Alfaro. _918921 |
| 245 | _aEtudos sobre producao alimentar e desenvolvimento | ||
| 260 |
_aLisboa : _bInstituto de Investigacao Cientifica Tropical, _c1989 |
||
| 300 |
_a53 p. _b; gráfs. |
||
| 490 |
_aComunicories serie de ciencias agrarias _v; 2 |
||
| 500 | _a36-153 | ||
| 590 |
_aBATCH-UPD _b10 _c20130110 _lUCH01 _h2207 |
||
| 590 |
_aBATCH-UPD _b10 _c20130410 _lUCH01 _h1511 |
||
| 590 |
_aBATCH-UPD _b10 _c20130914 _lUCH01 _h1033 |
||
| 590 |
_aCONVERSION _b10 _c20130109 _lUCH01 _h1302 |
||
| 650 | 1 | 4 |
_aPolítica agrícola _xPaíses subdesarrollados. _990347 |
| 830 | 0 |
_aComunicories serie de ciencias agrarias _v; 2 _926247 |
|
| 901 | _aBK | ||
| 942 | _cFOLL | ||
| 949 |
_aFolleto 12437 _bBC _cFOLL _d-10040 _eTS1 _i587 _si |
||
| 999 |
_c439 _d439 |
||